Yes Band Members - Sudden Death - Statistics

General Stats
  • This quiz has been taken 15 times
  • The average score is 7 of 10
Answers on the Grid
Answers color-coded by a green-red scale on the quiz's grid according to % correct below.
Steve Howe
Phil Collins
Jon Anderson
David Gilmour
Chris Squire
Trevor Rabin
Peter Gabriel
Rick Wakeman
Tony Kaye
Robert Fripp
Roger Waters
Gary Green
Jon Davison
Martin Barre
Keith Emerson
Bill Bruford
Greg Lake
Alan White
Geoff Downes
Kerry Minnear
 
Answer Stats
Answer % Correct
Jon Anderson
91%
Steve Howe
91%
Chris Squire
82%
Rick Wakeman
82%
Bill Bruford
73%
Trevor Rabin
73%
Alan White
64%
Geoff Downes
55%
Tony Kaye
55%
Jon Davison
36%
No matching quizzes found
Score Distribution
Percent of People with Each Score
Percentile by Number Answered
Your Score History
You have not taken this quiz